|
|
|
|
| LEADER |
00000cam a2200000 a 4500 |
| 001 |
vtls011558991 |
| 003 |
SK-MaSNL |
| 005 |
20260429092914.0 |
| 008 |
160609s1919 xr a gr 001 0 cze |
| 015 |
|
|
|a SNBA1919
|
| 020 |
|
|
|q (viazané)
|
| 040 |
|
|
|a SNK
|b slo
|c SNK
|e AACR2
|
| 041 |
0 |
|
|a cze
|
| 043 |
|
|
|a e-cs---
|
| 044 |
|
|
|a xr
|c CZ
|
| 072 |
|
7 |
|a 75
|x Maliarstvo
|2 konspekt
|
| 080 |
|
|
|a 75.047
|2 2001
|
| 080 |
|
|
|a (437)
|2 2001
|
| 080 |
|
|
|a (084.11)
|2 2001
|
| 245 |
0 |
0 |
|a Krásy republiky Československé
|b 110 reprodukcí dle originálů V. Malého
|c Slovem doprovází dr. K. Herain od č. 1-40, dr. F. X. Harlas od č. 41-110 ; graficky upravil Jindřich Hlavín
|
| 260 |
|
|
|a Praha
|b Kratochvíl a spol.
|b Unie
|c 1919-1923
|
| 300 |
|
|
|a 87 s., 110 obrazových príloh
|b ilustrácie
|c 49 cm
|
| 504 |
|
|
|a Register
|
| 650 |
0 |
7 |
|a maľba
|2 SNKPH
|9 24532
|
| 650 |
0 |
7 |
|a krajinomaľba
|2 SNKPH
|9 86830
|
| 650 |
0 |
7 |
|a Painting
|2 SNKPHeng
|9 294628
|
| 650 |
0 |
7 |
|a Landscape painting
|2 SNKPHeng
|9 404706
|
| 651 |
|
7 |
|a Československo
|2 SNKPHgeo
|9 21376
|
| 651 |
|
7 |
|a Czechoslovakia
|2 SNKPHeng
|9 265183
|
| 655 |
|
7 |
|a obrazové publikácie
|2 SNKPH
|9 70343
|
| 655 |
|
7 |
|a Pictorial works
|2 SNKPHeng
|9 284468
|
| 700 |
1 |
|
|a Herain, Karel Vladimír,
|d 1890-1953
|4 aut
|9 369566
|
| 700 |
1 |
|
|a Harlas, František Xaver,
|d 1865-1947
|4 aut
|9 708619
|
| 700 |
1 |
|
|a Hlavín, Jindřich
|4 gup
|9 708620
|
| 700 |
1 |
|
|a Malý, Václav,
|d 1874-1935
|4 aut
|9 343441
|
| 852 |
|
|
|a Slovenská národná knižnica
|
| 954 |
|
|
|a odborná, vedecká literatúra cudzojazyčná (svetová)
|2 lita
|
| 954 |
|
|
|a odborná, vedecká literatúra pôvodná (slovenská)
|2 lita
|
| 958 |
|
|
|a NB
|
| 958 |
|
|
|a SK
|
| 958 |
|
|
|a CZ
|
| 999 |
|
|
|c 1103933
|d 1105863
|
| 952 |
|
|
|t 1
|a SNK
|b SNK
|c SNK_KF
|y PREZ
|7 8
|p 17A0725002
|o snkSA 578/1
|i snkVIII. 3589/57, 3057/57
|8 21
|0 0
|1 0
|2 udc
|4 0
|d 2025-09-08
|l 0
|r 2026-02-24 17:38:00
|w 2026-02-24
|